<?xml version="1.0" encoding="UTF-8"?>
<collection xmlns="http://www.loc.gov/MARC21/slim">
 <record>
  <leader>01139nam a22002175a 4500</leader>
  <controlfield tag="001">CEM.cems020109</controlfield>
  <controlfield tag="008">230517s2008####ag############000#0#und#d</controlfield>
  <controlfield tag="005">20230517123958.0</controlfield>
  <datafield tag="245" ind1="1" ind2="0">
   <subfield code="a">La enciclopedia de las Chicas Perla /</subfield>
   <subfield code="c">Luis María Pescetti ; ilustrado por Pablo Fernández.</subfield>
  </datafield>
  <datafield tag="260" ind1=" " ind2=" ">
   <subfield code="a">Buenos Aires :</subfield>
   <subfield code="b">Alfaguara,</subfield>
   <subfield code="c">2008.</subfield>
  </datafield>
  <datafield tag="300" ind1=" " ind2=" ">
   <subfield code="a">168 p. ;</subfield>
   <subfield code="c">22 cm.</subfield>
  </datafield>
  <datafield tag="490" ind1="1" ind2=" ">
   <subfield code="a">Alfaguara Infantil</subfield>
  </datafield>
  <datafield tag="520" ind1=" " ind2=" ">
   <subfield code="a">Natacha y Pati están de vacaciones, y un día las cuida la Abu Marta (que no las deja chatear porque ella no sabe de computadoras), otro día la tía Pati (que llora por un novio). Además no pueden hacer ruido, y las telenovelas que mira la Abu son aburridísimas. Entonces, mientras esperan que empiece la bendita colonia de vacaciones (a-la-que-no-quieren-ir), mejor deciden ayudar a la humanidad escribiendo &quot;La Enciclopedia de las Chicas Perla&quot;</subfield>
  </datafield>
  <datafield tag="020" ind1=" " ind2=" ">
   <subfield code="a">9789870411284</subfield>
  </datafield>
  <datafield tag="100" ind1="1" ind2=" ">
   <subfield code="a">Pescetti, Luis María.</subfield>
  </datafield>
  <datafield tag="700" ind1="1" ind2=" ">
   <subfield code="a">Fernández, Pablo; il.</subfield>
  </datafield>
  <datafield tag="653" ind1=" " ind2=" ">
   <subfield code="a">Literatura</subfield>
  </datafield>
  <datafield tag="653" ind1=" " ind2=" ">
   <subfield code="a">Literatura Argentina</subfield>
  </datafield>
  <datafield tag="653" ind1=" " ind2=" ">
   <subfield code="a">Literatura Infantil</subfield>
  </datafield>
  <datafield tag="653" ind1=" " ind2=" ">
   <subfield code="a">Novela</subfield>
  </datafield>
  <datafield tag="859" ind1=" " ind2=" ">
   <subfield code="a">CEMS</subfield>
   <subfield code="b">BIB. CEMS - Agricultura</subfield>
   <subfield code="h">A863.4</subfield>
   <subfield code="i">P436-6</subfield>
   <subfield code="p">A3592.23</subfield>
   <subfield code="t">Ej.1</subfield>
  </datafield>
 </record>
</collection>
